|
|
|
|
| LEADER |
00000nam0a2200000 4500 |
| 001 |
334976 |
| 005 |
20231102004716.0 |
| 035 |
|
|
|a (RuTPU)RU\TPU\book\361296
|
| 090 |
|
|
|a 334976
|
| 100 |
|
|
|a 20170911d1965 k y0rusy50 ca
|
| 101 |
0 |
|
|a rus
|
| 102 |
|
|
|a RU
|
| 105 |
|
|
|a a z 001zy
|
| 200 |
1 |
|
|a Изучение анодного поведения амальгамы индия в хлоридных растворах
|e отдельный оттиск
|f Л. Ф. Козин, Е. Е. Кобранд
|g Академия наук СССР (АН СССР)
|
| 210 |
|
|
|a Москва
|a Ленинград
|c Наука
|d 1965
|
| 215 |
|
|
|a 10 с.
|c ил.
|
| 225 |
1 |
|
|a Журнал прикладной химии
|v Т. 38
|
| 320 |
|
|
|a Библиогр. в конце ст.
|
| 606 |
1 |
|
|a Индий
|x Химия
|2 stltpush
|3 (RuTPU)RU\TPU\subj\12493
|9 39269
|
| 606 |
1 |
|
|a Электрохимия
|2 stltpush
|3 (RuTPU)RU\TPU\subj\21014
|9 46066
|
| 610 |
1 |
|
|a амальгамы
|
| 610 |
1 |
|
|a хлоридные растворы
|
| 610 |
1 |
|
|a анодное поведение
|
| 610 |
1 |
|
|a уравнения
|
| 610 |
1 |
|
|a исследования
|
| 610 |
1 |
|
|a методы
|
| 610 |
1 |
|
|a таблицы
|
| 610 |
1 |
|
|a химический анализ
|
| 610 |
1 |
|
|a оттиски
|
| 610 |
1 |
|
|a библиотека А. Г. Стромберга
|
| 675 |
|
|
|a 544.6
|v 4
|
| 675 |
|
|
|a 546.682
|v 4
|
| 700 |
|
1 |
|a Козин
|b Л. Ф.
|
| 701 |
|
1 |
|a Кобранд
|b Е. Е.
|
| 712 |
0 |
2 |
|a Академия наук СССР (АН СССР)
|c (Ленинград/Москва)
|c (1925-1991)
|2 stltpush
|3 (RuTPU)RU\TPU\col\722
|
| 801 |
|
1 |
|a RU
|b 63413507
|c 20170911
|
| 801 |
|
2 |
|a RU
|b 63413507
|c 20171213
|g RCR
|
| 942 |
|
|
|c BK
|